Echelle de mots : du gond au pene - Statistiques

Statistiques générales
  • Ce quiz a été pris 1 359 fois
  • Le résultat moyen est 13 sur 15
Statistiques - réponses
Hint Réponse % Correct
Pièce métallique d'une porte gond
100%
pièce d'une serrure pene
98%
Saut bond
96%
Au printemps, la neige... fond
95%
Raccourcit la pelouse tond
93%
Mâle de la biche cerf
89%
Egare perd
89%
Suspend par le cou pend
87%
Il gèle, la pierre se fend
86%
Battre un record en est une belle perf
82%
Passionné d'informatique et de sciences nerd
79%
L'information douloureuse passe par lui nerf
78%
à l'origine pere
77%
un côté bord
68%
Serre tord
65%
Aucun quiz correspondant
Distribution des résultats
% des personnes avec chaque résultat
Percentile par nombre de réponses
Votre historique - résultats
Vous n’avez pas pris ce quiz